| 000 | 00602nam a2200193 4500 | ||
|---|---|---|---|
| 001 | 143617 | ||
| 003 | ES-MaACL | ||
| 005 | 20240129115648.0 | ||
| 007 | t| | ||
| 008 | 070214s1966 xxk r ||||1| spa d | ||
| 245 | 0 | 4 | _aLos servicios sociales en Gran Bretaña. |
| 260 |
_aLondres : _bCentral Office of Information, _c1966 _e(Norwich : _fPage Bros) |
||
| 300 |
_a132 p., 4 lám. ; _c24 cm. |
||
| 650 | 4 |
_917068 _aServicios sociales |
|
| 710 | 0 |
_aCentral Office of Information (London) _92537 |
|
| 852 | _bR.62220 | ||
| 942 |
_2udc _cMONOGRAFIA |
||
| 999 |
_c143617 _d143617 |
||